Strzelcy bramek w 1/8 finału Pucharu Anglii. - Statystyki

Ogólne statystyki
  • Ten quiz został rozwiązany 10 razy
  • Średni wynik to 8 z 21
Statystyki odpowiedzi
Mecz Piłkarz % Poprawnych
Everton - Tottenham 4:4 Kane
100%
Everton - Tottenham 1:1 Calvert-Lewin
70%
Swansea - Manchester City 0:2 Sterling
60%
Everton - Tottenham 5:4 Bernard
50%
Everton - Tottenham 2:1 Richarlison
50%
Everton - Tottenham 4:3 Richarlison
50%
Barnsley - Chelsea 0:1 Abraham
40%
Leicester - Brighton 1:0 Iheanacho
40%
Wolves - Southampton 0:1 Ings
40%
Swansea - Manchester City 0:3 Jesus
40%
Everton - Tottenham 3:2 Lamela
40%
Manchester United - West Ham 1:0 McTominay
40%
Everton - Tottenham 0:1 Sanchez
40%
Everton - Tottenham 3:3 Sanchez
40%
Everton - Tottenham 3:1 Sigurdsson
40%
Swansea - Manchester City 0:1 Walker
20%
Wolves - Southampton 0:2 Armstrong
10%
Sheffield United - Bristol City 1:0 Sharp
10%
Burnley - Bournemouth 0:1 Surridge
10%
Burnley - Bournemouth 0:2 Stanislas
0%
Swansea - Manchester City 1:3 Whittaker
0%
Nie znaleziono quizów pasujących do podanych kryteriów
Rozkład punktacji
Procent ludzi z każdym wynikiem
Percentyl według liczby udzielonych odpowiedzi
Twoja historia wyników
Nie rozwiązałeś tego quizu